[Event "Oberliga Wuert 9495"]
[Site "Wuerttemberg"]
[Date "1995.??.??"]
[Round "?"]
[White "Schweickhardt, Peter"]
[Black "Schnepp, Gunnar"]
[Result "1/2-1/2"]
[WhiteElo "2155"]
[BlackElo "2305"]
[PlyCount "98"]
[EventDate "1994.10.??"]
[Source "www.chesslib.no"]
[SourceDate "2004.05.04"]

1. e4 e6 2. c4 d5 3. cxd5 exd5 4. exd5 Nf6 5. Bb5+ Nbd7 6. Nc3 a6 7. Be2 Nb6 8. Nf3 Nfxd5 9. O-O Nf4 10. Re1 Nxe2+ 11. Qxe2+ Be6 12. d4 Be7 13. Bf4 c6 14. Ne4 Nd5 15. Bg5 f6 16. Bh4 Bc8 17. Nc5 O-O 18. Ne6 Bxe6 19. Qxe6+ Kh8 20. Bg3 Bb4 21. Rec1 Re8 22. Qf5 Re2 23. a3 Bf8 24. Rc2 Qe7 25. Rxe2 Qxe2 26. Re1 Qxb2 27. Qd7 Qxa3 28. Qxb7 Rd8 29. Qxc6 a5 30. h3 Qc3 31. Qa6 Qb4 32. Ra1 Qc3 33. Qxa5 Qxa5 34. Rxa5 Kg8 35. Ra7 Bb4 36. Kf1 Bc3 37. Ke2 Nb4 38. Re7 Nd5 39. Re4 Ba5 40. Re6 Bb6 41. Rc6 g5 42. Rd6 Rxd6 43. Bxd6 Kf7 44. g3 Ke6 45. Ba3 Nc7 46. Kd3 Nb5 47. Bb2 Kd5 48. Nd2 f5 49. g4 Bxd4 1/2-1/2

[Event "ESP Ch"]
[Site "Lleida"]
[Date "1991.??.??"]
[Round "7"]
[White "Clemente, A."]
[Black "Garcia, Jo"]
[Result "0-1"]
[WhiteElo "2200"]
[BlackElo "2255"]
[PlyCount "66"]
[EventDate "1991.09.??"]
[Source "www.chesslib.no"]
[SourceDate "2004.05.04"]

1. e4 e6 2. c4 d5 3. cxd5 exd5 4. exd5 Nf6 5. Nf3 Nxd5 6. Nc3 Nxc3 7. bxc3 Bd6 8. d4 O-O 9. Be2 c5 10. O-O Nc6 11. Qc2 cxd4 12. Nxd4 Nxd4 13. cxd4 Qh4 14. g3 Qf6 15. Bb2 Bf5 16. Qd2 Be4 17. Rac1 Rac8 18. Rxc8 Rxc8 19. Rc1 Qe6 20. Rxc8+ Qxc8 21. Qc1 Qxc1+ 22. Bxc1 Bd5 23. a3 Kf8 24. f3 Ke7 25. Kf2 Kd7 26. Bd3 g6 27. Be4 Kc6 28. Ke3 f5 29. Bxd5+ Kxd5 30. Kd3 b5 31. Kc3 a5 32. Bb2 Bxa3 33. Ba1 Bb4+ 0-1

[Event "CZE-chTV 0001"]
[Site "?"]
[Date "2001.??.??"]
[Round "2"]
[White "Doring Robert"]
[Black "Hajek Jan"]
[Result "1-0"]
[WhiteElo "2200"]
[BlackElo "2245"]
[PlyCount "49"]
[EventDate "2001.??.??"]
[Source "www.chesslib.no"]
[SourceDate "2004.05.04"]

1. e4 e6 2. c4 c5 3. Nc3 Nc6 4. d3 Nf6 5. f4 d6 6. Nf3 Qc7 7. Be3 a6 8. h3 Rb8 9. a4 e5 10. g4 h6 11. Bg2 Nd4 12. O-O Be6 13. Rb1 Nc6 14. Qe2 Be7 15. Nd5 Qa5 16. b4 Nxb4 17. Nxe7 Kxe7 18. fxe5 dxe5 19. Nxe5 Rbc8 20. Qb2 Rhd8 21. d4 Qc7 22. d5 Bd7 23. g5 hxg5 24. Bxg5 Qb6 25. Nxd7 1-0

[Event "Harkany Tenkes Cup"]
[Site "Harkany"]
[Date "2000.11.20"]
[Round "5"]
[White "Lenart, Endre"]
[Black "Amrein, Roland"]
[Result "1-0"]
[WhiteElo "2170"]
[BlackElo "2271"]
[PlyCount "57"]
[EventDate "2000.11.16"]
[Source "ChessBase"]
[SourceDate "2001.01.11"]

1. e4 e6 2. c4 d5 3. exd5 exd5 4. cxd5 Nf6 5. Bb5+ Nbd7 6. Nc3 Be7 7. Nf3 O-O 8. O-O Nb6 9. Ne5 Nbxd5 10. d4 Bf5 11. Qf3 Nxc3 12. bxc3 Be4 13. Qe2 c6 14. Bc4 Qa5 15. Bg5 Bd5 16. Bxf6 gxf6 17. Bxd5 Qxd5 18. Ng4 Qd7 19. Nh6+ Kh8 20. Rae1 Rfe8 21. Qf3 Rg8 22. Nxg8 Rxg8 23. Re4 Rg6 24. Rfe1 Bd6 25. Re8+ Kg7 26. Ra8 Rh6 27. g3 a6 28. Ree8 f5 29. Rad8 1-0

[Event "Geneve Open"]
[Site "Geneva SUI"]
[Date "1994.??.??"]
[Round "7"]
[White "Liardet, Fabrice"]
[Black "Sauvin, Jacques"]
[Result "1-0"]
[WhiteElo "2240"]
[BlackElo "2195"]
[PlyCount "91"]
[EventDate "1994.01.??"]
[Source "www.chesslib.no"]
[SourceDate "2004.05.04"]

1. e4 e6 2. c4 d5 3. cxd5 exd5 4. Qb3 c6 5. Nc3 Nf6 6. e5 Nfd7 7. d4 f6 8. f4 fxe5 9. dxe5 Nc5 10. Qc2 g6 11. Be3 Bf5 12. Qd2 Nba6 13. Nge2 Qd7 14. Ng3 O-O-O 15. Nxf5 gxf5 16. O-O-O Kb8 17. Qf2 b5 18. Qf3 Nc7 19. g3 Ne4 20. Nxe4 fxe4 21. Qh5 Bg7 22. Kb1 Qe7 23. Qe2 Na8 24. Qf2 Nb6 25. Bc5 Qc7 26. b3 Kb7 27. Bg2 Rhe8 28. Rc1 a5 29. Rc2 a4 30. Rhc1 axb3 31. axb3 Re6 32. Ra2 Ra8 33. Rxa8 Nxa8 34. Qa2 Nb6 35. Kc2 Re8 36. Ra1 Ra8 37. Qb2 Qc8 38. Rxa8 Qxa8 39. f5 Qa5 40. f6 Bh6 41. e6 Qd2+ 42. Kb1 Qe1+ 43. Ka2 Qa5+ 44. Ba3 Kc8 45. e7 Kd7 46. f7 1-0

[Event "Novosibirsk-ch"]
[Site "Novosibirsk"]
[Date "2001.11.19"]
[Round "7"]
[White "Yakushev, Nikolai"]
[Black "Botvinkov, Anton"]
[Result "1-0"]
[WhiteElo "2215"]
[BlackElo "2220"]
[PlyCount "81"]
[EventDate "2001.11.13"]
[Source "ChessBase"]
[SourceDate "2002.01.21"]

1. e4 e6 2. c4 d5 3. Nc3 d4 4. Nce2 Nc6 5. d3 Bb4+ 6. Bd2 Qd6 7. Ng3 e5 8. Nf3 Nge7 9. Be2 Ng6 10. O-O Bxd2 11. Qxd2 Nf4 12. Ne1 h5 13. Bf3 a5 14. Nf5 Qf6 15. g3 Ne6 16. Bg2 g6 17. Nh4 g5 18. Nf5 Ne7 19. Bh3 Ng6 20. Nc2 Kd8 21. b4 Ng7 22. bxa5 Nxf5 23. exf5 Bxf5 24. Bg2 c6 25. Rab1 Bc8 26. Nb4 Ne7 27. a6 bxa6 28. Nc2 a5 29. f4 gxf4 30. gxf4 Rg8 31. fxe5 Qxe5 32. Kh1 Be6 33. Qf2 Kc7 34. Nxd4 Rad8 35. Nxc6 Nxc6 36. Qb6+ Kd7 37. Qxc6+ Ke7 38. Rb7+ Kf8 39. Qf3 Qg7 40. Bh3 f5 41. Rxg7 1-0

[Event "36. Olympiad"]
[Site "?"]
[Date "2004.10.19"]
[Round "5"]
[White "Gillani Tunveer M.D"]
[Black "Kyriakidis Thrasos"]
[Result "1/2-1/2"]
[WhiteElo "2277"]
[BlackElo "2157"]
[PlyCount "147"]
[EventDate "2004.??.??"]
[Source "www.chesslib.no"]
[SourceDate "2004.05.04"]

1. e4 e6 2. c4 d5 3. exd5 exd5 4. cxd5 Nf6 5. Bb5+ Nbd7 6. Nc3 Be7 7. d3 O-O 8. Bc4 Nb6 9. Qb3 a5 10. a3 a4 11. Qa2 Re8 12. Nge2 Bd6 13. Bg5 Bf5 14. f3 h6 15. Bh4 Ra5 16. O-O g5 17. Be1 Nbxd5 18. Nxd5 Rxd5 19. Ng3 Bxg3 20. Bxd5 Bxh2+ 21. Kxh2 Nxd5 22. Bg3 Ne3 23. Rfe1 Qxd3 24. Bf2 Be6 25. Qb1 Nc2 26. Re4 Qb3 27. Qd1 Nxa1 28. Qxa1 Rd8 29. Qc1 c6 30. Rb4 Qd1 31. Qxd1 Rxd1 32. Rxb7 f5 33. Rb4 Bb3 34. Bd4 Kf7 35. Bc3 h5 36. Rb6 Rd6 37. Rb7+ Kg6 38. Rg7+ Kh6 39. Rc7 Bc4 40. Be5 Re6 41. f4 gxf4 42. Bxf4+ Kg6 43. Ra7 Bb3 44. Bd2 Re2 45. Bc3 Bd5 46. Rg7+ Kh6 47. Kh3 f4 48. Bd4 c5 49. Bf6 Re6 50. Rd7 Bxg2+ 51. Kxg2 Rxf6 52. Kf3 Kg5 53. Rg7+ Kf5 54. Rc7 Re6 55. Rxc5+ Re5 56. Rc4 Re3+ 57. Kf2 Rb3 58. Rxa4 Rxb2+ 59. Kf3 Rb3+ 60. Kf2 Kg4 61. Ra8 Rb2+ 62. Kg1 h4 63. a4 Rb1+ 64. Kf2 Rb2+ 65. Kg1 Kf3 66. a5 Rg2+ 67. Kh1 Ra2 68. Kg1 Rg2+ 69. Kh1 Ra2 70. Kg1 Kg3 71. Rg8+ Kf3 72. Ra8 Kg3 73. Rg8+ Kf3 74. Ra8 1/2-1/2

[Event "Goerlitz"]
[Site "?"]
[Date "1998.??.??"]
[Round "6"]
[White "Peter Ambrus"]
[Black "Just Gabriele"]
[Result "1/2-1/2"]
[WhiteElo "2405"]
[BlackElo "2025"]
[PlyCount "43"]
[EventDate "1998.??.??"]
[Source "www.chesslib.no"]
[SourceDate "2004.05.04"]

1. e4 e6 2. c4 d5 3. exd5 exd5 4. cxd5 Qxd5 5. Nc3 Qd8 6. Bc4 Bd6 7. Nf3 Qe7+ 8. Ne2 Bg4 9. Qa4+ Bd7 10. Qb3 Bc6 11. O-O Nd7 12. Ned4 Bxf3 13. Nxf3 O-O-O 14. Re1 Ne5 15. Nxe5 Bxe5 16. Qe3 Re8 17. d4 Bxh2+ 18. Kf1 Qxe3 19. Bxe3 Bd6 20. Bxf7 Re7 21. Bb3 Nf6 22. Bg5 1/2-1/2

[Event "Buenos Aires COOP 23rd"]
[Site "?"]
[Date "1997.09.13"]
[Round "1"]
[White "Lopez Gabriela"]
[Black "Grynszpan Mariano"]
[Result "0-1"]
[WhiteElo "2040"]
[BlackElo "2390"]
[PlyCount "43"]
[EventDate "1997.??.??"]
[Source "www.chesslib.no"]
[SourceDate "2004.05.04"]

1. e4 e6 2. c4 d5 3. cxd5 exd5 4. exd5 Nf6 5. Bb5+ Bd7 6. Bc4 b5 7. Bb3 Bg4 8. f3 Bf5 9. Qe2+ Qe7 10. d4 Bd3 11. Qxe7+ Bxe7 12. Bf4 a5 13. a4 bxa4 14. Bxa4+ Kd8 15. Nc3 Bc4 16. Rc1 Na6 17. Nh3 Rb8 18. d6 Bxd6 19. Bxd6 cxd6 20. Ne4 d5 21. Nd6 Ke7 22. Nxc4 0-1

[Event "AZE-chT"]
[Site "?"]
[Date "2000.??.??"]
[Round "?"]
[White "Pavlenko Oleg"]
[Black "Manafov Ilkin"]
[Result "1-0"]
[WhiteElo "2301"]
[BlackElo "2128"]
[PlyCount "33"]
[EventDate "2000.??.??"]
[Source "www.chesslib.no"]
[SourceDate "2004.05.04"]

1. e4 e6 2. c4 c5 3. Nc3 Nc6 4. g3 Nf6 5. Bg2 Be7 6. Nge2 d6 7. O-O O-O 8. a3 a6 9. d4 cxd4 10. Nxd4 Qc7 11. b3 Nxd4 12. Qxd4 b6 13. Bb2 Bb7 14. Rac1 Rac8 15. Rfd1 Qc5 16. Qxc5 Rxc5 17. e5 1-0

[Event "Open A"]
[Site "Arco di Trento ITA"]
[Date "2008.10.19"]
[Round "2"]
[White "Schrott, Ernst"]
[Black "Dittmar, Peter"]
[Result "0-1"]
[WhiteElo "2072"]
[BlackElo "2356"]
[PlyCount "82"]
[EventDate "2008.10.18"]
[Source "www.chesslib.no"]
[SourceDate "2004.05.04"]

1. e4 e6 2. c4 d5 3. cxd5 exd5 4. exd5 Nf6 5. Nc3 Nxd5 6. Nf3 Be7 7. d4 O-O 8. Bd3 Nc6 9. O-O Bg4 10. Be2 Re8 11. h3 Bh5 12. Qb3 Nb6 13. Be3 Bf6 14. Ne5 Na5 15. Qb5 Bxe2 16. Nxe2 Bxe5 17. dxe5 Qd5 18. Qxd5 Nxd5 19. Bd4 Nc6 20. f4 f6 21. Rad1 fxe5 22. fxe5 Nxd4 23. Rxd4 Rxe5 24. Nc3 Nxc3 25. bxc3 Rae8 26. Rd7 R5e7 27. Rfd1 h6 28. g4 b6 29. Rxe7 Rxe7 30. Kf2 Kf7 31. Kf3 Ke6 32. h4 Rd7 33. Re1+ Kf6 34. Re3 Rd5 35. a4 Rc5 36. Ke2 Re5 37. Rxe5 Kxe5 38. Kf3 a6 39. Ke3 b5 40. axb5 axb5 41. Kf3 c5 0-1

[Event "Berlin GER"]
[Site "?"]
[Date "2004.04.09"]
[Round "1"]
[White "Dauth Benjamin"]
[Black "Escher Clemens"]
[Result "0-1"]
[WhiteElo "2281"]
[BlackElo "2147"]
[PlyCount "82"]
[EventDate "2004.??.??"]
[Source "www.chesslib.no"]
[SourceDate "2004.05.04"]

1. e4 e6 2. c4 d5 3. exd5 exd5 4. cxd5 Nf6 5. Bb5+ Bd7 6. Bc4 Na6 7. Nc3 Nc5 8. d3 Bd6 9. b4 Na6 10. a3 O-O 11. Nge2 Ng4 12. Ne4 Re8 13. Bg5 Be7 14. Bxe7 Qxe7 15. h3 Ne5 16. Bxa6 bxa6 17. Nc5 Qg5 18. Kf1 Qf5 19. Ng3 Qf4 20. Kg1 Qd4 21. Nxa6 Nxd3 22. Kh2 Bxh3 23. Qc2 Bxg2 24. Kxg2 Re2 25. Qxe2 Nf4+ 26. Kf1 Nxe2 27. Kxe2 Qc4+ 28. Kf3 Qxa6 29. Rhf1 Qf6+ 30. Kg2 g6 31. Rac1 Qf4 32. Rc3 h5 33. Rf3 Qg4 34. Rc1 h4 35. Rxc7 hxg3 36. fxg3 Re8 37. Rfxf7 Qe4+ 38. Kh2 Qxd5 39. Rf2 Qh5+ 40. Kg2 Qd5+ 41. Kh2 Re1 0-1